Railway Stations in Great Britain starting with K - Statistics

General Stats
  • This quiz has been taken 84 times
  • The average score is 26 of 81
Answer Stats
County Passengers (2024/2025) Station % Correct
Northamptonshire 1,136,558 Kettering
82%
Fife 856,236 Kirkcaldy
79%
Greater London 4,360,664 Kingston
75%
West Yorkshire 1,405,910 Keighley
71%
Greater London 1,438,022 Kenton
68%
Greater London 1,368,612 Kew Gardens
68%
Worcestershire 1,242,114 Kidderminster
68%
Norfolk 853,200 Kings Lynn
61%
Shropshire 19,208 Knighton
61%
Greater London 999,796 Kensal Green
57%
Greater London 2,589,668 Kentish Town
57%
West Midlands 933,856 Kings Norton
57%
Cumbria 180,094 Kendal
54%
Greater London 2,607,790 Kensal Rise
54%
Greater London 1,162,156 Kew Bridge
54%
Moray 76,798 Keith
50%
Greater London 2,831,588 Kensington (Olympia)
50%
East Ayrshire 467,114 Kilmarnock
50%
Merseyside 1,605,216 Kirkby
50%
Hertfordshire 436,866 Knebworth
46%
Greater London 814,336 Kent House
43%
Greater London 1,886,418 Kentish Town West
43%
Greater London 1,620,822 Kidbrooke
43%
Greater London 758,448 Kilburn High Road
43%
Oxfordshire 251,844 Kingham
43%
Northamptonshire 82,030 Kings Sutton
43%
Greater London 188,588 Knockholt
43%
Highland 46,788 Kyle of Lochalsh
43%
Hertfordshire 507,206 Kings Langley
39%
North Yorkshire 605,486 Knaresborough
39%
Gloucestershire 444,760 Kemble
36%
Warwickshire 181,266 Kenilworth
36%
Somerset 566,218 Keynsham
36%
Surrey 150,156 Kingswood
36%
Highland 42,058 Kingussie
36%
Greater London 58,120 Kempton Park Racecourse
32%
Powys 4,156 Knucklas
32%
Staffordshire 287,730 Kidsgrove
29%
Aberdeenshire 124,436 Kintore
29%
Essex 599,812 Kelvedon
25%
Greater London 268,508 Kenley
25%
Highland 406 Kinbrace
25%
West Yorkshire 156,292 Knottingley
25%
Devon 16,126 Keyham
21%
Carmarthenshire 34,566 Kidwelly
21%
Highland 312 Kildonan
21%
Nottinghamshire 121,654 Kirkby-in-Ashfield
21%
Cumbria 35,744 Kirkby Stephen
21%
North Lanarkshire 135,706 Kirkwood
21%
South Yorkshire 58,108 Kiveton Park
21%
Cheshire 371,236 Knutsford
21%
Cambridgeshire 53,638 Kennett
18%
Pembrokshire 17,452 Kilgetty
18%
North Ayrshire 781,106 Kilwinning
18%
Fife 97,662 Kinghorn
18%
Glasgow City 191,560 Kings Park
18%
Cumbria 22,706 Kirkby-in-Furness
18%
West Lothian 71,168 Kirknewton
18%
Bedfordshire 9,782 Kempston Hardwick
14%
Kent 16,834 Kemsing
14%
East Ayrshire 82,350 Kilmaurs
14%
Berkshire 75,280 Kintbury
14%
Essex 62,896 Kirby Cross
14%
Lancashire 397,926 Kirkham and Wesham
14%
South Lanarkshire 64,162 Kirkhill
14%
West Yorkshire 378,822 Kirkstall Forge
14%
South Yorkshire 69,186 Kiveton Bridge
14%
Kent 208,860 Kemsley
11%
West Dunbartonshire 76,814 Kilpatrick
11%
Devon 6,498 Kings Nympton
11%
Dumfries and Galloway 18,724 Kirkconnel
11%
Greater Manchester 54,888 Kearsley
7%
Kent 47,626 Kearsney
7%
Cumbria 30,544 Kents Bank
7%
North Yorkshire 1,672 Kildale
7%
City of Edinburgh 34,444 Kingsknowe
7%
Merseyside 930,362 Kirkdale
7%
South Yorkshire 85,804 Kirk Sandall
7%
Lincolnshire 740 Kirton Lindsey
7%
Glasgow City 58,426 Kelvindale
4%
Glasgow City 157,902 Kennishead
4%
No matching quizzes found
Score Distribution
Percent of People with Each Score
Percentile by Number Answered
Your Score History
You have not taken this quiz